[Event "Copa Latinoamericana de Ajedrez 2011"]
[Site "Montevideo URU"]
[Date "2011.11.05"]
[Round "7.8"]
[White "Slipak, Sergio"]
[Black "Mahia, Gustavo"]
[Result "1/2-1/2"]
[WhiteElo "2440"]
[BlackElo "2386"]
[PlyCount "125"]
[EventDate "2011.11.01"]
[EventType "swiss"]
[EventRounds "9"]
[EventCountry "URU"]
[Source "lmi"]
[SourceDate "2011.11.01"]

1. d4 Nf6 2. c4 g6 3. g3 Bg7 4. Bg2 O-O 5. Nc3 d6 6. Nf3 Nc6 7. O-O a6 8. b3
Rb8 9. Nd5 Nh5 10. Bb2 e6 11. Nf4 Nxf4 12. gxf4 b5 13. Rc1 Bb7 14. Qd2 Ne7 15.
Rfe1 Be4 16. Qe3 Ba8 17. Qd3 bxc4 18. Rxc4 Nd5 19. Qd2 Qf6 20. e3 h6 21. Qe2
Qe7 22. Rec1 f5 23. Ne1 Rf7 24. Kf1 Qh4 25. Nf3 Qh5 26. h4 Bf6 27. Ke1 Qg4 28.
Bh1 Bxh4 29. Nxh4 Qxh4 30. Bxd5 Bxd5 31. Rxc7 Qd8 32. Qc2 g5 33. fxg5 hxg5 34.
Kd2 Kg7 35. Rxf7+ Kxf7 36. Qc7+ Kg6 37. Ba3 Qxc7 38. Rxc7 Rd8 39. Ra7 Ra8 40.
Rxa8 Bxa8 41. Bxd6 Kf7 42. Kc3 Ke8 43. Kb4 Kd7 44. Kc5 Bd5 45. Be5 g4 46. Kb6
Be4 47. a4 Bc2 48. Kxa6 Kc6 49. a5 Bxb3 50. Ka7 Bc4 51. Kb8 Ba6 52. Bf4 Bc4 53.
Kc8 Bd3 54. Kd8 Bc4 55. Ke7 Kb5 56. Bc7 Bd5 57. Kd6 Bc4 58. Bb6 Bd5 59. Ke5 Bc4
60. e4 fxe4 61. Kxe4 Bd5+ 62. Kf4 Bf3 63. Ke5 1/2-1/2

[Event "Copa Latinoamericana de Ajedrez 2011"]
[Site "Montevideo URU"]
[Date "2011.11.05"]
[Round "7.9"]
[White "Fusco, Leonardo"]
[Black "Mareco, Sandro"]
[Result "1/2-1/2"]
[WhiteElo "2383"]
[BlackElo "2583"]
[PlyCount "48"]
[EventDate "2011.11.01"]
[EventType "swiss"]
[EventRounds "9"]
[EventCountry "URU"]
[Source "lmi"]
[SourceDate "2011.11.01"]

1. e4 c5 2. Nf3 d6 3. d4 cxd4 4. Nxd4 Nf6 5. Nc3 a6 6. Bg5 Nbd7 7. f4 Qc7 8.
Qf3 h6 9. Bxf6 Nxf6 10. f5 Qc5 11. O-O-O g5 12. fxg6 Bg4 13. gxf7+ Kxf7 14. Qd3
Bxd1 15. Nxd1 Bg7 16. g3 Nxe4 17. Qxe4 Qxd4 18. Bc4+ Ke8 19. Qxb7 Qa7 20. Qd5
Kd8 21. Rf1 Rb8 22. c3 a5 23. Rf7 Be5 24. a4 Qc5 1/2-1/2

[Event "Copa Latinoamericana de Ajedrez 2011"]
[Site "Montevideo URU"]
[Date "2011.11.05"]
[Round "7.10"]
[White "Felgaer, Ruben"]
[Black "Egoroff, Jomar"]
[Result "1-0"]
[WhiteElo "2573"]
[BlackElo "2311"]
[PlyCount "155"]
[EventDate "2011.11.01"]
[EventType "swiss"]
[EventRounds "9"]
[EventCountry "URU"]
[Source "lmi"]
[SourceDate "2011.11.01"]

1. e4 c5 2. Nf3 e6 3. d4 cxd4 4. Nxd4 a6 5. Nc3 Qc7 6. g3 b5 7. Bg2 Bb7 8. O-O
d6 9. Re1 Nf6 10. a4 bxa4 11. Rxa4 Nbd7 12. Nb3 Rb8 13. Na5 Ba8 14. Ra2 Be7 15.
Qe2 Nc5 16. e5 dxe5 17. Bxa8 Rxa8 18. Qxe5 Qxe5 19. Rxe5 Rc8 20. Re2 O-O 21.
Nc4 Rfd8 22. b3 Kf8 23. Bd2 Ke8 24. Kg2 Rc6 25. Na5 Rcc8 26. Be1 Rd7 27. Nc4
Rdd8 28. Na4 Nfd7 29. Ba5 Nxa4 30. Rxa4 Nc5 31. Ra1 Bf6 32. Ra2 Rd1 33. Bb4 Be7
34. Bxc5 Bxc5 35. Rxa6 h5 36. h4 Rc1 37. Ra2 Ke7 38. Ne5 Bd4 39. Nd3 Rd1 40.
Ra4 Bc3 41. Ra7+ Ke8 42. Rb7 Ra1 43. Nf4 Ra5 44. Nh3 Ra2 45. Kf3 Rc5 46. Rb8+
Ke7 47. Rb7+ Ke8 48. Ng5 Bd4 49. Nxf7 Rf5+ 50. Ke4 Rxf2 51. Rxf2 Bxf2 52. Nd6+
Kd8 53. Rxg7 Rxc2 54. Kd3 Rb2 55. Kc3 Re2 56. Nc4 Re4 57. Kd3 Rg4 58. Rxg4 hxg4
59. h5 Ke7 60. Ne5 Bxg3 61. Nxg4 Bb8 62. b4 Bd6 63. b5 Bc7 64. Ke4 Kf7 65. Kd4
Bb6+ 66. Ke5 Bc7+ 67. Ke4 Bb6 68. Ne5+ Kg7 69. Kf3 Bc7 70. Nd7 Kh6 71. Kg4 Kg7
72. b6 Bd6 73. b7 e5 74. b8=Q Bxb8 75. Nxb8 e4 76. Nc6 e3 77. Nd4 Kf6 78. Ne2
1-0

[Event "Copa Latinoamericana de Ajedrez 2011"]
[Site "Montevideo URU"]
[Date "2011.11.05"]
[Round "7.11"]
[White "Claverie, Raul"]
[Black "Bassan, Remo"]
[Result "1/2-1/2"]
[WhiteElo "2504"]
[BlackElo "2255"]
[PlyCount "38"]
[EventDate "2011.11.01"]
[EventType "swiss"]
[EventRounds "9"]
[EventCountry "URU"]
[Source "lmi"]
[SourceDate "2011.11.01"]

1. f4 d5 2. Nf3 g6 3. e3 Bg7 4. c3 Nf6 5. d4 O-O 6. Bd3 b6 7. Qe2 Bb7 8. Nbd2
Nbd7 9. O-O e6 10. Ne5 c5 11. b3 Rc8 12. Bb2 Ne8 13. Rac1 Nd6 14. c4 dxc4 15.
bxc4 cxd4 16. exd4 Nf5 17. Bxf5 exf5 18. Qe3 Re8 19. Qf2 Nf6 1/2-1/2

[Event "Copa Latinoamericana de Ajedrez 2011"]
[Site "Montevideo URU"]
[Date "2011.11.05"]
[Round "7.12"]
[White "Perez, Maximiliano"]
[Black "Real De Azua, Ernesto"]
[Result "0-1"]
[WhiteElo "2193"]
[BlackElo "2459"]
[PlyCount "54"]
[EventDate "2011.11.01"]
[EventType "swiss"]
[EventRounds "9"]
[EventCountry "URU"]
[Source "lmi"]
[SourceDate "2011.11.01"]

1. e4 c5 2. g3 d5 3. exd5 Qxd5 4. Nf3 Bg4 5. Bg2 Qe6+ 6. Kf1 Nc6 7. h3 Bh5 8.
d3 Qd7 9. Be3 e6 10. Nbd2 Nf6 11. Nb3 Nd5 12. Bxc5 Bxc5 13. Nxc5 Qe7 14. Ne4
O-O 15. Nc3 Nxc3 16. bxc3 e5 17. Qe1 f5 18. Kg1 Rae8 19. Kh2 Qc5 20. Qd2 e4 21.
dxe4 Bxf3 22. Bxf3 fxe4 23. Bg2 Rxf2 24. Qd7 Re7 25. Qc8+ Rf8 26. Qg4 Ne5 27.
Qh5 Rf2 0-1

[Event "Copa Latinoamericana de Ajedrez 2011"]
[Site "Montevideo URU"]
[Date "2011.11.05"]
[Round "7.13"]
[White "Paveto, Kevin"]
[Black "Valdes Escobar, Alvaro"]
[Result "0-1"]
[WhiteElo "2258"]
[BlackElo "2385"]
[PlyCount "96"]
[EventDate "2011.11.01"]
[EventType "swiss"]
[EventRounds "9"]
[EventCountry "URU"]
[Source "lmi"]
[SourceDate "2011.11.01"]

1. e4 c5 2. Nf3 d6 3. d4 cxd4 4. Nxd4 Nf6 5. Nc3 Nc6 6. Bg5 e6 7. Qd2 a6 8.
O-O-O Bd7 9. f4 h6 10. Bh4 Be7 11. Nf3 Qc7 12. e5 dxe5 13. fxe5 Ng4 14. Bxe7
Kxe7 15. Ne4 Rhd8 16. Qf4 Ngxe5 17. Nd6 Be8 18. Nxe5 Rxd6 19. Bd3 Nxe5 20. Qxe5
Rad8 21. Rhf1 f6 22. Qe4 Kf8 23. Qh7 Qf7 24. h4 Bb5 25. c4 f5 26. Be2 Rxd1+ 27.
Rxd1 Rxd1+ 28. Kxd1 Bc6 29. g3 Qd7+ 30. Kc1 Qd4 31. Qh8+ Ke7 32. Qb8 Qd6 33.
Qg8 Qxg3 34. Bh5 Qe3+ 35. Kd1 Bf3+ 36. Bxf3 Qxf3+ 37. Kc2 Qe4+ 38. Kb3 Qd3+ 39.
Kb4 Qd2+ 40. Kb3 Qd4 41. Qc8 Qb6+ 42. Kc3 f4 43. Qg8 Qe3+ 44. Kc2 Qd4 45. Qc8
Qe4+ 46. Kb3 f3 47. Qc5+ Kf7 48. Qh5+ Kg8 0-1

[Event "Copa Latinoamericana de Ajedrez 2011"]
[Site "Montevideo URU"]
[Date "2011.11.05"]
[Round "7.14"]
[White "Dos Santos, Ramiro"]
[Black "Rioseco Pinochet, Fernan"]
[Result "1-0"]
[WhiteElo "2453"]
[BlackElo "2192"]
[PlyCount "55"]
[EventDate "2011.11.01"]
[EventType "swiss"]
[EventRounds "9"]
[EventCountry "URU"]
[Source "lmi"]
[SourceDate "2011.11.01"]

1. e4 e6 2. d4 a6 3. Nf3 b5 4. a4 b4 5. Bd3 Bb7 6. O-O Nf6 7. Re1 Be7 8. e5 Nd5
9. c4 bxc3 10. bxc3 f5 11. exf6 Nxf6 12. Bg5 O-O 13. Nbd2 Nc6 14. Bxf6 Rxf6 15.
Qb1 Rb8 16. Bxh7+ Kh8 17. Be4 Rh6 18. Qc2 Bd6 19. Rab1 Ba8 20. Rxb8 Qxb8 21.
Nc4 Bxh2+ 22. Nxh2 d5 23. Ng4 Rh4 24. Bf3 dxc4 25. Rxe6 Qf8 26. Qg6 Ne7 27. Qg5
Rxg4 28. Qxg4 1-0

[Event "Copa Latinoamericana de Ajedrez 2011"]
[Site "Montevideo URU"]
[Date "2011.11.05"]
[Round "7.15"]
[White "Perez Gormaz, Matias"]
[Black "Tristan, Leonardo"]
[Result "0-1"]
[WhiteElo "2216"]
[BlackElo "2463"]
[PlyCount "82"]
[EventDate "2011.11.01"]
[EventType "swiss"]
[EventRounds "9"]
[EventCountry "URU"]
[Source "lmi"]
[SourceDate "2011.11.01"]

1. d4 d6 2. Nf3 f5 3. g3 Nf6 4. Bg2 g6 5. O-O Bg7 6. c4 O-O 7. b4 e5 8. dxe5
dxe5 9. Bb2 e4 10. Nd4 Ng4 11. h3 Nc6 12. hxg4 Nxd4 13. Nc3 Be6 14. Nd5 Bxd5
15. cxd5 Qxd5 16. e3 Nf3+ 17. Bxf3 Qxd1 18. Bxd1 Bxb2 19. Rb1 Be5 20. gxf5 gxf5
21. Bb3+ Kg7 22. Rfd1 Rfd8 23. Rxd8 Rxd8 24. Rd1 Rxd1+ 25. Bxd1 b5 26. g4 Bc3
27. gxf5 Bxb4 28. Bc2 Bc3 29. Bxe4 c5 30. Bc6 b4 31. f4 Kf6 32. Be4 h5 33. Bc2
Bd2 34. Kf2 c4 35. Kf3 h4 36. e4 h3 37. e5+ Ke7 38. f6+ Kf7 39. Be4 h2 40. Bd5+
Kg6 41. f7 h1=Q+ 0-1

[Event "Copa Latinoamericana de Ajedrez 2011"]
[Site "Montevideo URU"]
[Date "2011.11.05"]
[Round "7.16"]
[White "Fell, Sebastian"]
[Black "Cori Tello, Deysi"]
[Result "0-1"]
[WhiteElo "2194"]
[BlackElo "2414"]
[PlyCount "76"]
[EventDate "2011.11.01"]
[EventType "swiss"]
[EventRounds "9"]
[EventCountry "URU"]
[Source "lmi"]
[SourceDate "2011.11.01"]

1. e4 e6 2. d4 d5 3. Nc3 Bb4 4. Nge2 dxe4 5. a3 Be7 6. Nxe4 Nf6 7. N2g3 O-O 8.
c3 Nxe4 9. Nxe4 Qd5 10. Qf3 Bd7 11. Ng5 h6 12. Qxd5 exd5 13. Nf3 Re8 14. Be3 c5
15. dxc5 Bxc5 16. Kd2 Bxe3+ 17. fxe3 Bf5 18. Bb5 Re7 19. Nd4 Be4 20. Rhg1 a6
21. Ba4 b5 22. Bb3 Nd7 23. a4 bxa4 24. Rxa4 Nc5 25. Ra2 Rb8 26. Bd1 Bb1 27. Ra3
Rxb2+ 28. Bc2 Bxc2 29. Nxc2 Ne4+ 30. Kc1 Reb7 31. Nb4 Rf2 32. Ra2 Rf5 33. Kb2
d4 34. exd4 a5 35. Ra4 Rf2+ 36. Ka3 axb4+ 37. Rxb4 Ra7+ 38. Kb3 Nd2+ 0-1

[Event "Copa Latinoamericana de Ajedrez 2011"]
[Site "Montevideo URU"]
[Date "2011.11.05"]
[Round "7.17"]
[White "Guerrero, Alvaro"]
[Black "De Dovitiis, Alejo"]
[Result "0-1"]
[WhiteElo "2170"]
[BlackElo "2366"]
[PlyCount "84"]
[EventDate "2011.11.01"]
[EventType "swiss"]
[EventRounds "9"]
[EventCountry "URU"]
[Source "lmi"]
[SourceDate "2011.11.01"]

1. d4 e6 2. c4 Nf6 3. Nc3 c5 4. d5 exd5 5. cxd5 d6 6. e4 g6 7. Nge2 Bg7 8. Ng3
O-O 9. Be2 a6 10. a4 Re8 11. O-O h5 12. Bg5 Qc7 13. Qd2 Nbd7 14. f4 Nh7 15. Bh4
Bh6 16. Qc2 Rb8 17. Kh1 Ndf8 18. Rad1 Bd7 19. e5 dxe5 20. fxe5 Qxe5 21. Nge4
Bf5 22. Rxf5 gxf5 23. Ng3 f4 24. Nf5 Bg5 25. Bf2 h4 26. Bxc5 Rbc8 27. Bd4 Rxc3
28. bxc3 Qxe2 29. Qxe2 Rxe2 30. c4 Nf6 31. d6 N8d7 32. Rb1 Ne4 33. Kg1 Rc2 34.
Re1 Ndc5 35. d7 Kh7 36. Be5 Nd3 37. Bxf4 Nxf4 38. Rxe4 Rxg2+ 39. Kf1 Rd2 40.
Nxh4 Rd1+ 41. Kf2 Bxh4+ 42. Kf3 Ng6 0-1

[Event "Copa Latinoamericana de Ajedrez 2011"]
[Site "Montevideo URU"]
[Date "2011.11.05"]
[Round "7.18"]
[White "Lujan, Carolina"]
[Black "El Ters, Antouan"]
[Result "1-0"]
[WhiteElo "2361"]
[BlackElo "2240"]
[PlyCount "97"]
[EventDate "2011.11.01"]
[EventType "swiss"]
[EventRounds "9"]
[EventCountry "URU"]
[Source "lmi"]
[SourceDate "2011.11.01"]

1. e4 c5 2. Nf3 Nc6 3. Nc3 g6 4. d4 cxd4 5. Nxd4 Bg7 6. Nde2 Nf6 7. g3 d6 8.
Bg2 h5 9. h3 Bd7 10. Be3 Qa5 11. O-O Ne5 12. b3 h4 13. f4 Nc6 14. f5 gxf5 15.
exf5 hxg3 16. Qe1 Nh5 17. Rd1 Be5 18. Rd5 Qd8 19. Ne4 Nf6 20. Nxf6+ Bxf6 21.
Nxg3 Ne5 22. Ne4 Bh4 23. Bf2 Bxf2+ 24. Rxf2 Bc6 25. Nxd6+ exd6 26. Rxe5+ Kf8
27. Re3 Rg8 28. Kh2 Rxg2+ 29. Rxg2 Bxg2 30. Kxg2 Rc8 31. c4 Rc5 32. Rf3 Qf6 33.
Qg3 Re5 34. Rf2 Re1 35. Kh2 Ke7 36. Qg4 Qe5+ 37. Kg2 Kd7 38. f6+ Kc7 39. Qf5
Qa1 40. Qa5+ Kc8 41. Qf5+ Kb8 42. Qd5 Kc8 43. Kh2 Qc1 44. b4 Rd1 45. Qe4 Re1
46. Qf5+ Kc7 47. Qd5 Kc8 48. c5 Re5 49. Qxf7 1-0

[Event "Copa Latinoamericana de Ajedrez 2011"]
[Site "Montevideo URU"]
[Date "2011.11.05"]
[Round "7.19"]
[White "Fabian, Gaston"]
[Black "Chemin, Justo Reinaldo"]
[Result "1-0"]
[WhiteElo "2352"]
[BlackElo "2184"]
[PlyCount "101"]
[EventDate "2011.11.01"]
[EventType "swiss"]
[EventRounds "9"]
[EventCountry "URU"]
[Source "lmi"]
[SourceDate "2011.11.01"]

1. d4 d5 2. c4 e6 3. Nc3 Nf6 4. Nf3 Nbd7 5. Bg5 c6 6. e3 Qa5 7. cxd5 Nxd5 8.
Qd2 Bb4 9. Rc1 O-O 10. a3 Bxc3 11. bxc3 Qxa3 12. e4 N5b6 13. Bd3 e5 14. O-O Qd6
15. Bh4 c5 16. Bg3 f6 17. Bb1 Qe7 18. Ba2+ Kh8 19. Nh4 Nb8 20. d5 Bd7 21. f4
exf4 22. Qxf4 c4 23. e5 Nxd5 24. Qxc4 Be6 25. exf6 gxf6 26. Rce1 Ne3 27. Qxe6
Qxe6 28. Bxe6 Nxf1 29. Rxf1 Nc6 30. Bd5 Rac8 31. Nf5 Ne5 32. Nd6 Rc5 33. c4 Kg7
34. Nxb7 Rc7 35. Bxe5 fxe5 36. Rxf8 Kxf8 37. c5 a5 38. c6 a4 39. Nc5 Ke7 40.
Nxa4 Kd6 41. Nc3 Kc5 42. Bf3 Kc4 43. Nd5 Rxc6 44. Ne3+ Kd4 45. Bxc6 Kxe3 46.
Kf1 h5 47. Bd5 h4 48. h3 e4 49. Be6 Kf4 50. Kf2 e3+ 51. Ke2 1-0

[Event "Copa Latinoamericana de Ajedrez 2011"]
[Site "Montevideo URU"]
[Date "2011.11.05"]
[Round "7.20"]
[White "Barrionuevo, Pablo"]
[Black "Lopez Azambuja, Nicolas"]
[Result "1/2-1/2"]
[WhiteElo "2336"]
[BlackElo "2166"]
[PlyCount "107"]
[EventDate "2011.11.01"]
[EventType "swiss"]
[EventRounds "9"]
[EventCountry "URU"]
[Source "lmi"]
[SourceDate "2011.11.01"]

1. d4 Nf6 2. c4 g6 3. g3 Bg7 4. Bg2 O-O 5. Nc3 d6 6. Nf3 Nc6 7. O-O a6 8. Qd3
Bd7 9. e4 Nb4 10. Qe2 c5 11. d5 a5 12. Rd1 Rb8 13. h3 Na6 14. Be3 Nc7 15. a4
Na6 16. e5 dxe5 17. Nxe5 Ne8 18. Nc6 bxc6 19. dxc6 Nd6 20. cxd7 Qxd7 21. Nb5
Qe6 22. Bd5 Qe5 23. Rd2 Rb6 24. Qf3 Qf6 25. Qe2 Nf5 26. Rad1 Nxe3 27. Qxe3 Qe5
28. Qf3 Qf6 29. Qe2 Qe5 30. Qf1 Nb4 31. Bg2 e6 32. b3 Bf6 33. Nd6 Bg7 34. Re2
Qf6 35. Ne4 Qe7 36. Qe1 Bd4 37. Nc3 Bf6 38. Nd5 Nxd5 39. cxd5 Bd4 40. Rd3 Qd6
41. dxe6 fxe6 42. Kh2 Ra6 43. Qc1 Kg7 44. Qc4 Rb6 45. Qc2 Rf6 46. Rf3 Qf8 47.
Rxf6 Qxf6 48. Be4 Rb8 49. Kg2 Rb4 50. Bd3 Rb8 51. Bc4 Rf8 52. Qe4 Bxf2 53. Rd2
Bd4 54. Qxe6 1/2-1/2

[Event "Copa Latinoamericana de Ajedrez 2011"]
[Site "Montevideo URU"]
[Date "2011.11.05"]
[Round "7.21"]
[White "Arcos Facio, Mateo"]
[Black "Larrea, Manuel"]
[Result "0-1"]
[WhiteElo "2148"]
[BlackElo "2327"]
[PlyCount "74"]
[EventDate "2011.11.01"]
[EventType "swiss"]
[EventRounds "9"]
[EventCountry "URU"]
[Source "lmi"]
[SourceDate "2011.11.01"]

1. e4 c5 2. Nf3 Nc6 3. d4 cxd4 4. Nxd4 Nf6 5. Nc3 e5 6. Ndb5 d6 7. Bg5 a6 8.
Na3 Be6 9. Nc4 Rc8 10. Nd5 Bxd5 11. Bxf6 gxf6 12. Qxd5 Nd4 13. Bd3 b5 14. Ne3
Bh6 15. Nf5 Qa5+ 16. c3 Rxc3 17. O-O Rxd3 18. Nxd6+ Ke7 19. Qxf7+ Kxd6 20.
Qxf6+ Ne6 21. Rad1 Bd2 22. Qxh8 Qc7 23. Qa8 Qb6 24. Qg8 Qb7 25. Qg4 Rd4 26. g3
Qc6 27. Qe2 Qc2 28. a4 bxa4 29. Rc1 Qxe4 30. Qxe4 Rxe4 31. Rfd1 Rd4 32. Rc2 Bb4
33. Rxd4+ exd4 34. f4 d3 35. Rc1 d2 36. Ra1 Nc5 37. Kf1 Nd3 0-1

[Event "Copa Latinoamericana de Ajedrez 2011"]
[Site "Montevideo URU"]
[Date "2011.11.05"]
[Round "7.22"]
[White "Leskovar, Matias"]
[Black "Valenzuela Gomez, Fernando"]
[Result "0-1"]
[WhiteElo "2280"]
[BlackElo "2151"]
[PlyCount "65"]
[EventDate "2011.11.01"]
[EventType "swiss"]
[EventRounds "9"]
[EventCountry "URU"]
[Source "lmi"]
[SourceDate "2011.11.01"]

1. d4 Nf6 2. Bg5 b6 3. Nf3 Bb7 4. Nbd2 e6 5. e4 h6 6. Bxf6 Qxf6 7. Bd3 d6 8. c3
Nd7 9. Qa4 a6 10. e5 Qd8 11. exd6 cxd6 12. O-O Be7 13. Be4 d5 14. Bd3 O-O 15.
Rae1 Rc8 16. Bb1 g6 17. Qc2 Rc6 18. Re3 Bf6 19. Rfe1 Re8 20. Nf1 Qc7 21. h4 h5
22. Qe2 Qd8 23. g3 b5 24. N1h2 Rf8 25. Ne5 Nxe5 26. dxe5 Bg7 27. Nf3 Qb6 28.
Nd4 Rc7 29. g4 hxg4 30. Qxg4 Bh8 31. Rf3 f5 32. exf6 e5 33. Qxg6+ 0-1

[Event "Copa Latinoamericana de Ajedrez 2011"]
[Site "Montevideo URU"]
[Date "2011.11.05"]
[Round "7.23"]
[White "Izquierdo, Daniel"]
[Black "Escandon, Federico"]
[Result "1/2-1/2"]
[WhiteElo "2277"]
[BlackElo "2145"]
[PlyCount "83"]
[EventDate "2011.11.01"]
[EventType "swiss"]
[EventRounds "9"]
[EventCountry "URU"]
[Source "lmi"]
[SourceDate "2011.11.01"]

1. c4 Nf6 2. Nc3 c6 3. e4 d5 4. exd5 cxd5 5. d4 e6 6. Nf3 Be7 7. Bd3 dxc4 8.
Bxc4 a6 9. O-O O-O 10. a3 b5 11. Bb3 Bb7 12. Re1 Nbd7 13. Bg5 Rc8 14. Ne5 Rc7
15. Qe2 Nxe5 16. dxe5 Nd5 17. Nxd5 Bxd5 18. Bxe7 Rxe7 19. Bxd5 Qxd5 20. Red1
Qb7 21. Rd6 Rc7 22. Rad1 h6 23. h3 Rfc8 24. Rd8+ Kh7 25. Qd3+ g6 26. Qd6 Rxd8
27. Qxd8 Qc8 28. Qd4 Rc2 29. Qa7 Rc7 30. Qb6 Rc1 31. Qd4 Qc5 32. Qxc5 Rxc5 33.
Rd7 Rc1+ 34. Kh2 Kg7 35. Ra7 Rc2 36. b4 Rxf2 37. Rxa6 g5 38. Rb6 Ra2 39. Rxb5
Rxa3 40. Rc5 Rb3 41. b5 h5 42. g4 1/2-1/2

[Event "Copa Latinoamericana de Ajedrez 2011"]
[Site "Montevideo URU"]
[Date "2011.11.05"]
[Round "7.24"]
[White "Lopez Falcon, Jorge"]
[Black "Espinoza Palomino, Willyam"]
[Result "0-1"]
[WhiteElo "2126"]
[BlackElo "2273"]
[PlyCount "80"]
[EventDate "2011.11.01"]
[EventType "swiss"]
[EventRounds "9"]
[EventCountry "URU"]
[Source "lmi"]
[SourceDate "2011.11.01"]

1. d4 Nf6 2. c4 e6 3. g3 c5 4. Nf3 cxd4 5. Nxd4 d5 6. Bg2 e5 7. Nf3 d4 8. O-O
Nc6 9. e3 Bc5 10. exd4 exd4 11. Re1+ Be6 12. Nbd2 Qb6 13. Nb3 O-O 14. Nxc5 Qxc5
15. b3 Rad8 16. Bf4 Nh5 17. Bg5 Rd7 18. Qd2 h6 19. Bxh6 gxh6 20. Qxh6 Ng7 21.
Ng5 Bf5 22. g4 Bg6 23. Be4 Qd6 24. Nh7 Bxe4 25. Nf6+ Qxf6 26. Qxf6 Bc2 27. Rac1
d3 28. Qc3 Nd4 29. Kg2 f5 30. h3 fxg4 31. hxg4 Nge6 32. Rxe6 Nxe6 33. Rxc2 Nf4+
34. Kg3 dxc2 35. Qxc2 Nd3 36. c5 Rf3+ 37. Kh4 Rh7+ 38. Kg5 Rg7+ 39. Kh4 Nxf2
40. Qc4+ Kh8 0-1

[Event "Copa Latinoamericana de Ajedrez 2011"]
[Site "Montevideo URU"]
[Date "2011.11.05"]
[Round "7.25"]
[White "Rodriguez, Santiago"]
[Black "Colombo, Camila"]
[Result "1/2-1/2"]
[WhiteElo "2269"]
[BlackElo "2096"]
[PlyCount "40"]
[EventDate "2011.11.01"]
[EventType "swiss"]
[EventRounds "9"]
[EventCountry "URU"]
[Source "lmi"]
[SourceDate "2011.11.01"]

1. c4 g6 2. g3 Bg7 3. Bg2 e5 4. Nc3 d6 5. e3 Nc6 6. Nge2 f5 7. O-O Nf6 8. d3
O-O 9. Rb1 a5 10. a3 Be6 11. Nd5 Rb8 12. Nec3 Ne7 13. e4 c6 14. Nxf6+ Rxf6 15.
exf5 gxf5 16. Kh1 Rf7 17. b4 axb4 18. axb4 Qd7 19. Ne2 Rbf8 20. f4 e4 1/2-1/2

[Event "Copa Latinoamericana de Ajedrez 2011"]
[Site "Montevideo URU"]
[Date "2011.11.05"]
[Round "7.26"]
[White "Hernandez, Alexander"]
[Black "Cordero, Daniela"]
[Result "1-0"]
[WhiteElo "2258"]
[BlackElo "2062"]
[PlyCount "93"]
[EventDate "2011.11.01"]
[EventType "swiss"]
[EventRounds "9"]
[EventCountry "URU"]
[Source "lmi"]
[SourceDate "2011.11.01"]

1. e4 e6 2. d4 d5 3. e5 c5 4. c3 Nc6 5. Nf3 Nge7 6. a3 Bd7 7. b4 cxb4 8. cxb4
b5 9. Nc3 a6 10. Bd3 Rc8 11. Bb2 Ng6 12. O-O Be7 13. Ne2 O-O 14. Qd2 Qe8 15.
Nf4 Nxf4 16. Qxf4 f6 17. exf6 Bxf6 18. Qg3 Bd8 19. Rac1 Bc7 20. Qh4 g6 21. Ne5
Nxe5 22. dxe5 Bb6 23. Bd4 Bd8 24. Qh6 Qf7 25. Rxc8 Bxc8 26. Bc5 Re8 27. f4 Bd7
28. Qh3 a5 29. Qe3 Bc6 30. Qd4 Qb7 31. g3 Bc7 32. h4 axb4 33. axb4 Ra8 34. Ra1
Ra4 35. h5 Rxa1+ 36. Qxa1 gxh5 37. f5 Bb6 38. f6 Bxc5+ 39. bxc5 b4 40. Qa5 Qb8
41. Qb6 Qxb6 42. cxb6 b3 43. Kf2 b2 44. Ke3 Kf7 45. Kd4 Bb7 46. Bb1 Ba6 47. Kc3
1-0

[Event "Copa Latinoamericana de Ajedrez 2011"]
[Site "Montevideo URU"]
[Date "2011.11.05"]
[Round "7.27"]
[White "Bustelo, Tabare"]
[Black "Carvalho, Guillermo"]
[Result "0-1"]
[WhiteElo "2091"]
[BlackElo "2244"]
[PlyCount "82"]
[EventDate "2011.11.01"]
[EventType "swiss"]
[EventRounds "9"]
[EventCountry "URU"]
[Source "lmi"]
[SourceDate "2011.11.01"]

1. e4 Nf6 2. e5 Nd5 3. Nc3 Nxc3 4. bxc3 d6 5. Nf3 g6 6. Bc4 Bg7 7. Ng5 e6 8. d4
h6 9. Nf3 b6 10. exd6 cxd6 11. O-O Qc7 12. Bb5+ Bd7 13. c4 Bxb5 14. cxb5 Nd7
15. a4 O-O 16. Ba3 Rfc8 17. Rc1 d5 18. c3 a6 19. Bb4 axb5 20. axb5 Qc4 21. Rb1
Qxb5 22. Qd2 Qc4 23. Qf4 e5 24. Qh4 e4 25. Nd2 Qc6 26. Qf4 Qc7 27. Qe3 f5 28.
Rfc1 Nf6 29. h3 f4 30. Qe2 Ra2 31. c4 dxc4 32. Rxc4 Qd7 33. Be7 Nd5 34. Rxc8+
Qxc8 35. Qxe4 Qf5 36. Qxf5 gxf5 37. Bb4 Nxb4 38. Rxb4 Rxd2 39. Rxb6 Bxd4 40.
Rxh6 Rd1+ 41. Kh2 Bxf2 0-1

[Event "Copa Latinoamericana de Ajedrez 2011"]
[Site "Montevideo URU"]
[Date "2011.11.05"]
[Round "7.28"]
[White "Menna Barreto, Felipe Kubiaki"]
[Black "Garcia Silveira, Luis"]
[Result "1-0"]
[WhiteElo "2244"]
[BlackElo "2053"]
[PlyCount "105"]
[EventDate "2011.11.01"]
[EventType "swiss"]
[EventRounds "9"]
[EventCountry "URU"]
[Source "lmi"]
[SourceDate "2011.11.01"]

1. d4 Nf6 2. Nf3 g6 3. Bg5 Ne4 4. Bh4 Bg7 5. e3 c5 6. c3 Qb6 7. Nbd2 Nxd2 8.
Qxd2 cxd4 9. exd4 O-O 10. Be2 Re8 11. O-O d5 12. Rfe1 Nc6 13. h3 Bf5 14. g4 Bd7
15. Bg3 Rad8 16. Bd3 a5 17. a4 e6 18. Re2 Ne7 19. Ne5 Bc6 20. Bh4 f6 21. Nf3
Bd7 22. g5 f5 23. Bg3 Nc8 24. h4 Nd6 25. Bxd6 Qxd6 26. Ne5 Re7 27. f4 Be8 28.
Kf2 Qb6 29. Re3 Rc8 30. Qe2 Bf8 31. Rh3 Bg7 32. Nf3 e5 33. Nxe5 Bxe5 34. fxe5
Rxe5 35. Qxe5 Qxb2+ 36. Be2 Bf7 37. Re1 Re8 38. Qc7 Qd2 39. Rf3 Re4 40. Qd8+
Kg7 41. h5 Re8 42. Qf6+ Kf8 43. hxg6 hxg6 44. Qh8+ Ke7 45. Qe5+ Kf8 46. Qf4 Qb2
47. Re3 Re4 48. Rxe4 dxe4 49. Qd6+ Kg8 50. Qd8+ Kg7 51. Rh1 e3+ 52. Kg3 f4+ 53.
Kxf4 1-0

[Event "Copa Latinoamericana de Ajedrez 2011"]
[Site "Montevideo URU"]
[Date "2011.11.05"]
[Round "7.29"]
[White "Blixen, Federico"]
[Black "Matsuura, Frederico"]
[Result "1/2-1/2"]
[WhiteElo "2131"]
[BlackElo "2314"]
[PlyCount "52"]
[EventDate "2011.11.01"]
[EventType "swiss"]
[EventRounds "9"]
[EventCountry "URU"]
[Source "lmi"]
[SourceDate "2011.11.01"]

1. d4 d5 2. Nf3 Nf6 3. c4 e6 4. Nc3 Be7 5. e3 O-O 6. Bd3 c5 7. dxc5 Bxc5 8. O-O
Nc6 9. a3 a5 10. Qc2 Qe7 11. Rd1 h6 12. h3 dxc4 13. Bxc4 e5 14. Nd5 Nxd5 15.
Bxd5 Bd7 16. Bd2 Rac8 17. Bc3 Bd6 18. Qd3 Bb8 19. e4 Rfd8 20. Qe2 a4 21. Rd2
Be8 22. Rad1 Kh7 23. Bc4 Rxd2 24. Rxd2 Qc5 25. Ba2 Qe7 26. Bc4 Qc5 1/2-1/2

[Event "Copa Latinoamericana de Ajedrez 2011"]
[Site "Montevideo URU"]
[Date "2011.11.05"]
[Round "7.30"]
[White "Trois, Francisco R Terres"]
[Black "Ulaneo, Nicolas"]
[Result "0-1"]
[WhiteElo "2275"]
[BlackElo "2106"]
[PlyCount "80"]
[EventDate "2011.11.01"]
[EventType "swiss"]
[EventRounds "9"]
[EventCountry "URU"]
[Source "lmi"]
[SourceDate "2011.11.01"]

1. Nf3 Nf6 2. c4 e6 3. g3 b6 4. Bg2 Bb7 5. d4 Be7 6. O-O O-O 7. d5 exd5 8. Nh4
c6 9. cxd5 Nxd5 10. Nf5 Nc7 11. e4 d5 12. Nc3 Re8 13. Qg4 Bf6 14. exd5 Nxd5 15.
Nxd5 cxd5 16. Rd1 Nd7 17. Ne3 Ne5 18. Qf4 Qe7 19. Nxd5 Bxd5 20. Bxd5 Rad8 21.
Be3 Ng6 22. Qc4 Bxb2 23. Rab1 Bf6 24. a4 Ne5 25. Qe4 Qd7 26. Qb4 Qf5 27. Qf4
Qh5 28. Kg2 Ng4 29. Bf3 Qxh2+ 30. Kf1 Nxe3+ 31. fxe3 Rd2 32. Rxd2 Qxd2 33. Re1
h6 34. Re2 Qd1+ 35. Kf2 Rc8 36. Kg2 Qa1 37. Rd2 Qc1 38. Re2 a6 39. Bb7 Qd1 40.
Rf2 Rc1 0-1